[Event "Boyaca Region-ch qual"]
[Site "Duitama"]
[Date "2010.05.17"]
[Round "5.6"]
[White "Vasquez, William"]
[Black "Ardila, Ariel"]
[Result "1-0"]
[WhiteElo "1707"]
[BlackElo "1600"]
[PlyCount "30"]
[EventDate "2010.05.15"]
[EventType "swiss"]
[EventRounds "6"]
[EventCountry "COL"]
[SourceTitle "EXT 2024"]
[Source "ChessBase"]
[SourceDate "2023.10.10"]
[SourceVersion "1"]
[SourceVersionDate "2023.10.10"]
[SourceQuality "1"]

1. Nf3 Nf6 2. c4 d5 3. d4 e6 4. Nc3 Be7 5. Bg5 h6 6. Bh4 0-0 7. e3 b6 8. Bd3 c6 9. 0-0 Nbd7 10. Qc2 Qc7 11. cxd5 Nxd5 12. Nxd5 exd5 13. Bxe7 Re8 14. Bh4 c5 15. Bg3 Qc6 1-0